Franšízing pomáhá malému a střednímu podnikatelskému stavu - vyznává Quick-Schuh.

Podpora malého a stredného podnikania v maloobchode s obuvou. Predaj obuvi franšízingovým know-how. Príklad firmy Quick-Schuh. Podmienky a spôsob predaja medzi franšízorom a užívateľom licencie - franšízantom. Uzatváranie franšízingovej zmluvy.

Enregistré dans:
Détails bibliographiques
Auteur principal: Kubín, Z.
Format: Chapitre de livre
Langue:tchèque
Sujets:
Tags: Ajouter un tag
Pas de tags, Soyez le premier à ajouter un tag!

MARC

LEADER 00000naa a2200000 4500
001 r012356
005 20220826094009.4
041 0 |a cze 
044 |a CZ 
245 1 0 |a Franšízing pomáhá malému a střednímu podnikatelskému stavu - vyznává Quick-Schuh.  |c Z. Kubín 
520 |a Podpora malého a stredného podnikania v maloobchode s obuvou. Predaj obuvi franšízingovým know-how. Príklad firmy Quick-Schuh. Podmienky a spôsob predaja medzi franšízorom a užívateľom licencie - franšízantom. Uzatváranie franšízingovej zmluvy. 
610 2 0 |a franchising 
610 2 0 |a know-how 
610 2 0 |a maloobchod 
610 2 0 |a obuv 
610 2 0 |a Quick-Schuh 
610 2 0 |a franšíza 
610 2 0 |a podnikanie 
610 2 0 |a zmluvy hospodárske 
100 1 |a Kubín, Z.